_Introduction to mechanism design pro/engineer wildlife2.0 Steven G. Smith (Record no. 12612)
[ view plain ]
| 000 -LEADER | |
|---|---|
| fixed length control field | 00455nam a2200145Ia 4500 |
| 008 - FIXED-LENGTH DATA ELEMENTS--GENERAL INFORMATION | |
| fixed length control field | 151021s9999 xx 000 0 und d |
| 020 ## - INTERNATIONAL STANDARD BOOK NUMBER | |
| International Standard Book Number | 193093341 |
| 245 ## - TITLE STATEMENT | |
| Title | _Introduction to mechanism design pro/engineer wildlife2.0 Steven G. Smith |
| 260 ## - PUBLICATION, DISTRIBUTION, ETC. (IMPRINT) | |
| Place of publication, distribution, etc. | Pennysylvania Cadquest Incorporated 2004 |
| 300 ## - PHYSICAL DESCRIPTION | |
| Extent | iv,234,a-14p.;ill |
| 500 ## - GENERAL NOTE | |
| General note | Includes index. |
| 500 ## - GENERAL NOTE | |
| General note | Includes index. |
| 650 ## - SUBJECT ADDED ENTRY--TOPICAL TERM | |
| Topical term or geographic name as entry element | _Mechanism |
| 980 ## - EQUIVALENCE OR CROSS-REFERENCE-SERIES STATEMENT--PERSONAL NAME/TITLE [LOCAL, CANADA] | |
| Personal name | ^d20120829 11:03:34^oanne |
No items available.